Trabajar con Grotowski sobre las acciones físicas: Con un prefacio y el ensayo De la compañía teatral al arte como vehículo, de Jerzy Grotowski

Saved in:
Bibliografiske detaljer
Hovedforfatter: Richards, Thomas (Author)
Format: Bog
Sprog:spansk
Udgivet: Barcelona Alba 2005
Udgivelse:1a. ed
Serier:Artes Escénicas
Fag:
Tags: Tilføj Tag
Ingen Tags, Vær først til at tagge denne postø!

MARC

LEADER 00000nam a2200000 a 4500
001 UCH8801
003 CL-VaPUC
008 091211e20050100SP |||||||||||||||||spa|d
020 |a 8484282260 
082 0 4 |a 809.2  |b RIC  |2 21 
100 0 |a Richards, Thomas  |e author  |9 545445 
245 1 0 |a Trabajar con Grotowski sobre las acciones físicas: Con un prefacio y el ensayo De la compañía teatral al arte como vehículo, de Jerzy Grotowski 
250 |a 1a. ed 
300 |a 212 p 
942 |c BK 
945 |d 20091211 00:00:00  |a dcastane 
260 |a Barcelona  |b Alba  |c 2005 
650 0 |a Teatro contemporáneo  |9 322153 
650 0 |a Historia y crítica   |9 257407 
583 |a last modification  |c 20091211 00:00:00  |k Rodrigo Vera 
490 0 |a Artes Escénicas 
999 |c 338908  |d 338906 
952 |0 0  |1 0  |4 0  |6 809_200000000000000_RIC_2005  |7 0  |8 A  |9 432196  |a BIBART  |b BIBART  |d 2019-11-22  |i 4624963  |o 809.2 RIC 2005  |p 4624963  |r 2025-03-13  |w 2019-11-22  |y BK  |k ART